Stati per produzione di Magnesio - Statistics

Statistiche generali
  • Questo quiz è stato fatto 4 volte
  • Il punteggio medio è 7 su 10
Statistiche sulle risposte
Produzione di magnesio (migliaia tonnellate/anno) Continente Nazione % Corretto
800 Asia Cina
100%
23 Asia / Europa Kazakistan
100%
65 Asia / Europa Russia
100%
50 America del Nord Stati Uniti
100%
10 Asia / Europa Turchia
100%
19 Europa Ucraina
100%
15 America del Nord Brasile
50%
5 Asia Iran
50%
10 Asia Corea del Sud
0%
25 Asia Israele
0%
Nessun quiz corrispondente trovato
Distribuzione punteggi
Percentuale di utenti per punteggio
Percentile per numero di risposta
I tuoi punteggi nel tempo
Non hai fatto questo quiz